Osnovy vodosnabženija i kanalizacii v kolchozach. Vyp. 2., Kanalizacija /

Hlavní autor: Ivanov, K. V.
Další autoři: Pisarčik, B. A.
Jazyk: Ruština
Vydáno: Minsk : Gosizdat BSSR, 1955
Témata:
Fyzický popis: 278 s., obr. příl. : il.
Knihy
Uloženo v:
LEADER 01025nam a22003252a 4500
001 001431058
003 CZ BrMZK
005 20150520105425.0
007 ta
008 141022s1955 bw af er|||||||||||rus d
040 |a ABA009  |b cze  |d BOA001 
080 |a 628 
100 1 |a Ivanov, K. V.  |4 aut 
245 1 0 |a Osnovy vodosnabženija i kanalizacii v kolchozach.  |n Vyp. 2.,  |p Kanalizacija /  |c K.V. Ivanov a B.A. Pisarčik 
246 3 0 |a Kanalizacija 
260 |a Minsk :  |b Gosizdat BSSR,  |c 1955 
300 |a 278 s., obr. příl. :  |b il. 
650 0 7 |a kanalizace  |2 czenas 
650 0 7 |a kolchozy  |2 czenas 
650 0 7 |a voda pitná  |2 czenas 
650 0 7 |a voda  |2 czenas 
650 0 7 |a vodní hospodářství  |2 czenas 
650 0 7 |a vodovodní sítě  |2 czenas 
650 0 7 |a zemědělství  |2 czenas 
650 0 7 |a zásobování  |2 czenas 
700 1 |a Pisarčik, B. A.  |4 aut 
910 |a BOA001  |b 2-0350.702,2 
990 |a BK 
991 |b 201410 
996 7 |b 2618959158  |c 2-0350.702,2  |l MZK  |r Sklad / do 24 hodin  |n 0  |w 001465764  |u 000010  |a 1  |e BOA001  |j MZK50  |s A